Laddar...
Kodumudikaleyum Thazhvarakaleyum Sweekarikkuka
| Huvudupphovsman: | |
|---|---|
| Materialtyp: | Printed Book |
| Språk: | Undetermined |
| Publicerad: |
Amano Akhil Silence
2006
Calicut |
| Upplaga: | 1st |
| Ämnen: |
| LEADER | 00691nam a2200241Ia 4500 | ||
|---|---|---|---|
| 008 | 141122s9999 xx 000 0 und d | ||
| 040 | |c . | ||
| 041 | |a Malayalam | ||
| 082 | |a 813.4 | ||
| 082 | |b OSH/KO | ||
| 100 | |a Osho | ||
| 245 | |a Kodumudikaleyum Thazhvarakaleyum Sweekarikkuka | ||
| 245 | |c Osho | ||
| 250 | |a 1st | ||
| 260 | |b Amano Akhil Silence | ||
| 260 | |b Calicut | ||
| 260 | |c 2006 | ||
| 300 | |a 318 Pages | ||
| 365 | |a 180/- | ||
| 650 | |a General | ||
| 942 | |c BK | ||
| 999 | |c 6462 |d 6462 | ||
| 952 | |0 0 |1 0 |4 0 |6 813_400000000000000_OSHKO |7 0 |9 6420 |a COVAS |b COVAS |d 0000-00-00 |g 180.00 |l 6 |m 1 |o 813.4 OSH/KO |p 22256 |r 2018-03-27 |s 2018-03-15 |w 2014-11-26 |y BK | ||